Yunikuro-gata defure to kokka hasan /
Saved in:
| Main Author: | |
|---|---|
| Format: | Book |
| Language: | Japanese |
| Published: |
Tōkyō :
Bungei Shunjū,
2010.
|
| Series: | Bunshun shinsho ;
759. |
| Subjects: | |
| Tags: |
Add Tag
No Tags, Be the first to tag this record!
|
| LEADER | 01004cam a2200313Ka 4500 | ||
|---|---|---|---|
| 001 | 012829000-5 | ||
| 005 | 20110930152428.0 | ||
| 008 | 100621s2010 ja 000 0 jpn d | ||
| 020 | |a 9784166607594 | ||
| 020 | |a 4166607596 | ||
| 035 | 0 | |a ocn781870108 | |
| 035 | 0 | |a ocn642816244 | |
| 040 | |a TRCLS |c TRCLS |d HMY | ||
| 100 | 1 | |6 880-01 |a Hama, Noriko. | |
| 245 | 1 | 0 | |6 880-02 |a Yunikuro-gata defure to kokka hasan / |c Hama Noriko. |
| 260 | |6 880-03 |a Tōkyō : |b Bungei Shunjū, |c 2010. | ||
| 300 | |a 243 p. ; |c 18 cm. | ||
| 490 | 1 | |6 880-04 |a Bunshun shinsho ; |v 759 | |
| 650 | 0 | 7 | |6 880-05 |a Sekai keizai. |2 jlabsh/4 |
| 880 | 1 | |6 100-01 |a 浜矩子. | |
| 880 | 1 | 0 | |6 245-02 |a ユニクロ型デフレと国家破産 / |c 浜矩子. |
| 880 | |6 260-03 |a 東京 : |b 文芸春秋, |c 2010. | ||
| 880 | 1 | |6 490-04 |a 文春新書 ; |v 759 | |
| 880 | 0 | 7 | |6 650-05 |a 世界経済. |2 jlabsh/4 |
| 830 | 0 | |6 880-06 |a Bunshun shinsho ; |v 759. | |
| 880 | 0 | |6 830-06 |a 文春新書 ; |v 759. | |
| 988 | |a 20110715 | ||
| 049 | |a HMYH |o d | ||
| 906 | |0 OCLC | ||


